• 首页
  • 本馆介绍
  • 公告通知
  • 最新文献
  • 馆藏检索
  • 电子资源
  • 读者导购
  • 参考咨询
  • 我的图书馆
  • 登录
  • 详细信息显示
  • 放入我的书架
  • 预约/预借图书
  • 作者相关作品
  • 分类相关作品
  • 丛书相关作品
  • 出版社相关作品

书目信息

  • 表格格式
  • 工作单格式
  • 卡片格式
题名:
环境艺术设计原理
    
 
作者: 董万里 编著
分册: 上  
出版信息: 重庆   重庆大学出版社  2003
页数: 112页
开本: 29cm
丛书名: 高等院校艺术设计专业丛书
单 册:
中图分类: TU-80
科图分类:
主题词: 建筑艺术--环境设计--高等学校
电子资源:
ISBN: 7-5624-2687-2
000 00831oam2 2200241 45
001 002208931
005 20050329141627.1
010    @a7-5624-2687-2@dCNY42.00
100    @a20021210d2003 em y0chiy0110 ea
101 0  @achi
102    @aCN@b500000
105    @aa z 000yy
200 1  @a环境艺术设计原理@Ahuan jing yi shu she ji yuan li@h上@f董万里等编著@FDong Wan Li Deng Bian Zhu
210    @a重庆@c重庆大学出版社@d2003
215    @a112页@c图@d29cm
225 2  @a高等院校艺术设计专业丛书
330    @a本书图文并茂,注重艺术教育的特点,结合图例,以基本知识、基本技能为核心,阐述了环境艺术设计的材料、人体工程学等知识。
410    @12001 @a高等院校艺术设计专业丛书
606 0  @a建筑艺术@x环境设计@x高等学校
690    @aTU-80@v4
701  0 @a董万里@4编著
801  0 @aCN@bNLC@c20031229
905    @b346636-638@dTU-80@e36:1@f3
    
    环境艺术设计原理.上/董万里等编著.-重庆:重庆大学出版社,2003
    112页:图;29cm.-(高等院校艺术设计专业丛书)
    
    
    ISBN 7-5624-2687-2:CNY42.00
    本书图文并茂,注重艺术教育的特点,结合图例,以基本知识、基本技能为核心,阐述了环境艺术设计的材料、人体工程学等知识。
●
相关链接 在E读中查询图书 在五车中查询图书 在当当中查询图书 在豆瓣中查询图书


正题名:环境艺术设计原理     索取号:TU-80/36:1         预约/预借

序号 登录号 条形码 馆藏地/架位号 状态 备注
1 0346636   203466365   第二样本阅览室/ [索取号:TU-80/36:1] 在馆    
2 0346637   203466374   第三借阅区/ [索取号:TU-80/36:1] 在馆    
3 0346638   203466383   第三借阅区/ [索取号:TU-80/36:1] 在馆    
唐山师范学院图书馆 欢迎您!
大连网信软件有限公司© 版权所有